Statistiques concernant Nourriture qui commence par P

Cliquez ici pour prendre le quiz!

Statistiques générales

  • Ce quiz a été pris 190 fois
    (123 depuis la dernière actualisation)
  • Le résultat moyen est 15 sur 18

Statistiques - réponses

Réponse% Correct
Pain
100%
Pamplemousse
98%
Poire
98%
Pomme
98%
Patate | Pomme de Terre
97%
Piment
97%
Poivron
96%
Poisson
90%
Poulet
88%
Pistache
87%
Purée
87%
Petit Pois
84%
Persil
80%
Poulpe
80%
Prune
79%
Pâte
71%
Poitrine
49%
Panais | Praire
10%

Distribution des résultats

Percentile par nombre de réponses

% des personnes avec chaque résultat

Votre développement - résultats

Vous n’avez pas pris ce quiz depuis la dernière actualisation